000 00478cas a22001695a 4500
001 L142023
008 080122c1988 xxuzr p 0 a0eng u
022 1 _a0895-5638
035 _a(Sirsi) u142023
041 0 _aeng
245 0 4 _aThe Journal of Real Estate Finance and Economics
260 3 _aNew York
_bSpringer
_c2005-
260 2 _aBoston
_bKluwer Academic Publishers
_c1988-2005
362 0 _a24(1) January 2002-(Incomplete)
651 4 _aInternational
942 _n0
_2ddc
999 _c119157
_d119157